000 00337nam a2200145Ia 4500
008 150301s2014 xx 000 0 und d
082 _a612
_bP14J
100 _aJAIN, A.K.
245 _aTB. OF PHYSIOLOGY
250 _a5TH
260 _bAVICHAL PUB.
_aINDIA
_c2014
300 _a611
650 _aHUMAN PHYSIOLOGY
942 _2ddc
_cBK
_0403
999 _c6697
_d6697